<?xml version="1.0" encoding="UTF-8"?>
<record
    xmlns:xsi="http://www.w3.org/2001/XMLSchema-instance"
    xsi:schemaLocation="http://www.loc.gov/MARC21/slim http://www.loc.gov/standards/marcxml/schema/MARC21slim.xsd"
    xmlns="http://www.loc.gov/MARC21/slim">

  <leader>00761nam a22002297a 4500</leader>
  <controlfield tag="005">20150408143240.0</controlfield>
  <datafield tag="010" ind1=" " ind2=" ">
    <subfield code="a">ENG-103918  B-459011-9015</subfield>
  </datafield>
  <datafield tag="020" ind1=" " ind2=" ">
    <subfield code="a">9780230332591</subfield>
    <subfield code="c">535.00</subfield>
  </datafield>
  <datafield tag="020" ind1=" " ind2=" ">
    <subfield code="a">0230332595</subfield>
    <subfield code="c">535.00</subfield>
  </datafield>
  <datafield tag="035" ind1=" " ind2=" ">
    <subfield code="a">EN-87451  B-459011-9015</subfield>
  </datafield>
  <datafield tag="037" ind1=" " ind2=" ">
    <subfield code="b">DBAD / PUB</subfield>
  </datafield>
  <datafield tag="037" ind1=" " ind2=" ">
    <subfield code="b">RBC/Ven</subfield>
  </datafield>
  <datafield tag="082" ind1=" " ind2=" ">
    <subfield code="a">658.3</subfield>
  </datafield>
  <datafield tag="100" ind1=" " ind2=" ">
    <subfield code="a">Sanghi, Seema</subfield>
  </datafield>
  <datafield tag="245" ind1=" " ind2=" ">
    <subfield code="a">Human resource management /</subfield>
    <subfield code="c">by  Seema Sanghi</subfield>
  </datafield>
  <datafield tag="260" ind1=" " ind2=" ">
    <subfield code="a">New Delhi </subfield>
    <subfield code="b">Macmillan Publishers</subfield>
    <subfield code="c">2011</subfield>
  </datafield>
  <datafield tag="270" ind1=" " ind2=" ">
    <subfield code="a">2/10, Ansari Road, Daryaganj</subfield>
    <subfield code="b">New Delhi </subfield>
    <subfield code="e">110002</subfield>
  </datafield>
  <datafield tag="300" ind1=" " ind2=" ">
    <subfield code="a">xv,376p. :</subfield>
    <subfield code="c">28cm (pbk) </subfield>
    <subfield code="b">ill.</subfield>
  </datafield>
  <datafield tag="500" ind1=" " ind2=" ">
    <subfield code="a">Includes index</subfield>
  </datafield>
  <datafield tag="942" ind1=" " ind2=" ">
    <subfield code="2">ddc</subfield>
    <subfield code="c">EN</subfield>
    <subfield code="m">SAN</subfield>
    <subfield code="h">658.3</subfield>
  </datafield>
  <datafield tag="999" ind1=" " ind2=" ">
    <subfield code="c">57441</subfield>
    <subfield code="d">57441</subfield>
  </datafield>
  <datafield tag="952" ind1=" " ind2=" ">
    <subfield code="0">0</subfield>
    <subfield code="1">0</subfield>
    <subfield code="4">0</subfield>
    <subfield code="7">0</subfield>
    <subfield code="8">NFIC</subfield>
    <subfield code="a">MP</subfield>
    <subfield code="b">MP</subfield>
    <subfield code="d">2011-10-10</subfield>
    <subfield code="e">DBAD/PUB</subfield>
    <subfield code="g">550.00</subfield>
    <subfield code="l">0</subfield>
    <subfield code="o">658.3 SAN</subfield>
    <subfield code="p">EN-87451</subfield>
    <subfield code="r">2011-10-10 00:00:00</subfield>
    <subfield code="t">1</subfield>
    <subfield code="v">550.00</subfield>
    <subfield code="y">EN</subfield>
  </datafield>
  <datafield tag="952" ind1=" " ind2=" ">
    <subfield code="0">0</subfield>
    <subfield code="1">0</subfield>
    <subfield code="4">0</subfield>
    <subfield code="7">0</subfield>
    <subfield code="8">NFIC</subfield>
    <subfield code="a">L</subfield>
    <subfield code="b">L</subfield>
    <subfield code="d">2012-05-03</subfield>
    <subfield code="e">RBC/27381/30.01.2012/07/18.01.2012/06.02.2012</subfield>
    <subfield code="g">535.00</subfield>
    <subfield code="l">15</subfield>
    <subfield code="m">9</subfield>
    <subfield code="o">658.3 SAN</subfield>
    <subfield code="p">B-459011</subfield>
    <subfield code="r">2025-01-08 00:00:00</subfield>
    <subfield code="s">2024-12-02</subfield>
    <subfield code="t">1</subfield>
    <subfield code="v">535.00</subfield>
    <subfield code="w">2012-05-03</subfield>
    <subfield code="y">EN</subfield>
  </datafield>
  <datafield tag="952" ind1=" " ind2=" ">
    <subfield code="0">0</subfield>
    <subfield code="1">0</subfield>
    <subfield code="4">0</subfield>
    <subfield code="7">0</subfield>
    <subfield code="8">NFIC</subfield>
    <subfield code="a">BL1</subfield>
    <subfield code="b">BL1</subfield>
    <subfield code="d">2012-05-03</subfield>
    <subfield code="e">RBC/27381/30.01.2012/07/18.01.2012/06.02.2012</subfield>
    <subfield code="g">535.00</subfield>
    <subfield code="l">8</subfield>
    <subfield code="m">9</subfield>
    <subfield code="o">658.3 SAN</subfield>
    <subfield code="p">B-459012</subfield>
    <subfield code="r">2023-09-11 00:00:00</subfield>
    <subfield code="s">2023-09-05</subfield>
    <subfield code="t">1</subfield>
    <subfield code="v">535.00</subfield>
    <subfield code="w">2012-05-03</subfield>
    <subfield code="y">EN</subfield>
  </datafield>
  <datafield tag="952" ind1=" " ind2=" ">
    <subfield code="0">0</subfield>
    <subfield code="1">0</subfield>
    <subfield code="4">0</subfield>
    <subfield code="7">0</subfield>
    <subfield code="8">NFIC</subfield>
    <subfield code="a">ZLS</subfield>
    <subfield code="b">ZLS</subfield>
    <subfield code="d">2012-05-03</subfield>
    <subfield code="e">RBC/27381/30.01.2012/07/18.01.2012/06.02.2012</subfield>
    <subfield code="g">535.00</subfield>
    <subfield code="l">8</subfield>
    <subfield code="m">8</subfield>
    <subfield code="o">658.3 SAN</subfield>
    <subfield code="p">B-459013</subfield>
    <subfield code="r">2024-11-25 00:00:00</subfield>
    <subfield code="s">2024-10-15</subfield>
    <subfield code="t">1</subfield>
    <subfield code="v">535.00</subfield>
    <subfield code="w">2012-05-03</subfield>
    <subfield code="y">EN</subfield>
  </datafield>
  <datafield tag="952" ind1=" " ind2=" ">
    <subfield code="0">0</subfield>
    <subfield code="1">0</subfield>
    <subfield code="4">0</subfield>
    <subfield code="7">0</subfield>
    <subfield code="8">NFIC</subfield>
    <subfield code="a">BN</subfield>
    <subfield code="b">BN</subfield>
    <subfield code="d">2012-05-03</subfield>
    <subfield code="e">RBC/27381/30.01.2012/07/18.01.2012/06.02.2012</subfield>
    <subfield code="g">535.00</subfield>
    <subfield code="l">2</subfield>
    <subfield code="o">658.3 SAN</subfield>
    <subfield code="p">B-459014</subfield>
    <subfield code="r">2024-02-27 00:00:00</subfield>
    <subfield code="s">2024-02-14</subfield>
    <subfield code="t">1</subfield>
    <subfield code="v">535.00</subfield>
    <subfield code="y">EN</subfield>
  </datafield>
  <datafield tag="952" ind1=" " ind2=" ">
    <subfield code="0">0</subfield>
    <subfield code="1">5</subfield>
    <subfield code="4">0</subfield>
    <subfield code="7">0</subfield>
    <subfield code="8">NFIC</subfield>
    <subfield code="a">BL4</subfield>
    <subfield code="b">BL4</subfield>
    <subfield code="d">2012-05-03</subfield>
    <subfield code="e">RBC/27381/30.01.2012/07/18.01.2012/06.02.2012</subfield>
    <subfield code="g">535.00</subfield>
    <subfield code="l">0</subfield>
    <subfield code="o">658.3 SAN</subfield>
    <subfield code="p">B-459015</subfield>
    <subfield code="r">2012-05-03 00:00:00</subfield>
    <subfield code="t">1</subfield>
    <subfield code="v">535.00</subfield>
    <subfield code="y">EN</subfield>
  </datafield>
  <datafield tag="952" ind1=" " ind2=" ">
    <subfield code="0">0</subfield>
    <subfield code="1">0</subfield>
    <subfield code="4">0</subfield>
    <subfield code="7">0</subfield>
    <subfield code="a">BN</subfield>
    <subfield code="b">BN</subfield>
    <subfield code="d">2019-08-19</subfield>
    <subfield code="l">0</subfield>
    <subfield code="o">658.3 SAN</subfield>
    <subfield code="r">2019-08-19 00:00:00</subfield>
    <subfield code="w">2019-08-19</subfield>
    <subfield code="y">EN</subfield>
  </datafield>
</record>
